| 000 | 00353 a2200145 4500 | ||
|---|---|---|---|
| 001 | 152696 | ||
| 040 | _cEscola São Tomás de Aquino | ||
| 100 | _aPELLEGRINE, Domingos | ||
| 240 | 1 | 0 |
_aJá não somos mais crianças _lpor |
| 245 | 1 | 0 | _aJá não somos mais crianças |
| 300 | _a120 | ||
| 362 | 0 | _a2008 | |
| 697 | _a*LITERATURA JUVENIL | ||
| 942 | _cBK | ||
| 999 |
_c152696 _d152696 |
||